Statistics for Oklahoma City Thunder 2017-18 Roster

Click here to take the quiz!

General Stats

  • This quiz has been taken 198 times
  • The average score is 10 of 17

Answer Stats

NbrPostPlayer% Correct
0GuardRussell Westbrook
100%
12CenterSteven Adams
95%
13ForwardPaul George
93%
7ForwardCarmelo Anthony
81%
-Head CoachBilly Donovan
74%
21GuardAndre Roberson
72%
9ForwardJerami Grant
66%
2GuardRaymond Felton
58%
23GuardTerrance Ferguson
56%
8GuardAlex Abrines
54%
54ForwardPatrick Patterson
53%
4ForwardNick Collison
39%
34ForwardJosh Huestis
32%
15ForwardKyle Singler
29%
44CenterDakari Johnson
26%
35GuardPJ Dozier
21%
25GuardDaniel Hamilton
17%

Score Distribution

Percentile by Number Answered

Percent of People with Each Score

Your Score History

You have not taken this quiz